000 00752nab a2200229 u 4500
001 09027
003 HDC
007 cr bn ---aaaaa
008 210131c2012 my dr|nes 0 a may d
040 _aHDC
245 0 _aDirektori Kukuhkan Hab Halal Malaysia
260 _aKuala Lumpur :
_bUtusan Melayu (M) Bhd.,
_c2012
336 _atext
_2rdacontent
337 _acomputer
_2rdamedia
338 _aonline resource
_2rdacarrier
650 _aHalal hub
_zMalaysia
_95661
650 _ahalal industry directory
_99448
856 _zRequest full-text at [email protected]
942 _2lcc
942 _cNEWS
942 _kNWSC 002450
999 _c6350
_d6350